00333nam a2200121Ia 4500008004100000041000800041082001400049100002100063245004500084260004100129300003000170365001100200240624s9999 xx 000 0 und d aeng a658.8 STE aSTEVENS ROBERT E aMARKET OPPORTUNITY ANALYSIS TEXT AND CAS c2008aMumbaibJaico Publishing House axi, : 263 : p. : cm. ; 22 cRSb30